[Event "ROU-chT Women Superliga 2018"]
[Site "Sovata"]
[Date "2018.11.26"]
[Round "2"]
[White "Sandu, Mihaela"]
[Black "Popa, Catalina-Elena"]
[Result "1-0"]
[WhiteElo "2308"]
[BlackElo "1746"]
[Annotator "TA"]
[PlyCount "105"]
[EventDate "2018.11.24"]
[EventType "team-tourn"]
[EventCountry "ROU"]
[SourceTitle "playchess.com"]
[Source "ChessBase"]
[SourceQuality "1"]

{[%evp 14,105,19,12,7,-14,-18,-18,-12,-19,-17,-56,1,-51,-14,-8,-6,-44,-23,-10,17,24,35,0,0,-17,0,0,16,6,68,68,77,74,133,113,155,135,143,140,153,143,139,139,131,0,120,0,134,91,171,167,168,202,268,259,262,257,260,241,490,488,490,347,483,489,488,482,482,482,467,466,462,354,455,347,537,524,507,497,500,472,904,235,789,791,5900,5832,29990,29991,29995,29995,29996,29996]} 1. e4 c5 2. Nf3 e6 3. d4 cxd4 4. Nxd4 Nf6 5. Nc3 d6 6. Be2 a6 7. O-O Be7 8. Kh1 b5 {B84: Sicilian Scheveningen: 6 Be2 a6, lines without early Be3} 9. Bf3 Ra7 10. Qe2 $146 ({Predecessor:} 10. a4 bxa4 11. Be3 Rc7 12. Rxa4 Nbd7 13. Nb3 Bb7 14. Na5 Ba8 15. Nc4 Nc5 16. Bxc5 Rxc5 {½-½ (27) Gopal,G (2278)-Smeets,J (2515) Cochin 2004}) 10... O-O {The position is equal.} 11. a4 b4 12. Na2 {[%cal Bc3a2,Ba2c1,Bc1b3,Bb3d4][%mdl 32]} d5 (12... e5 $15 13. Nf5 Bxf5 14. exf5 a5) 13. e5 (13. exd5 $11 Nxd5 14. c4 bxc3 15. Nxc3) 13... Ne4 14. Be3 Qc7 15. Bg4 Rb7 16. f4 Bd7 17. Nc1 Nc6 18. Ncb3 (18. Ndb3 {keeps more tension.} Rbb8 19. a5 Qb7 20. Bf3 Rbc8 21. Bb6) 18... Nxd4 19. Nxd4 Nc5 20. b3 Rc8 21. Bg1 Ne4 (21... g6 $11) 22. Qxa6 $14 Rb6 23. Qd3 Qb7 ({Better is} 23... Bc5) 24. Be2 {[#] Black must now prevent a5.} Rc3 25. Qd1 Qc7 26. Bd3 Rb8 27. Qe1 Nc5 28. Bb5 Ne4 29. Bd3 Nc5 $1 30. Bb5 Ne4 31. Rd1 Bc5 (31... g6 $16 {keeps fighting.}) 32. Bd3 $18 Bxd4 33. Bxd4 Rxc2 34. Bxc2 Qxc2 35. Rf3 Rc8 36. h3 Nc3 $2 (36... h6 37. Ra1 Qd2) 37. Bxc3 bxc3 38. Rc1 Qxb3 {and if ...d4 works, Black does fine.} 39. Rfxc3 Rxc3 40. Qxc3 {Threatening mate with Qc8+!} ({Less strong is} 40. Rxc3 Qxa4 41. Rc7 Qb5 $16) 40... Qxa4 {[%mdl 4096] Endgame [#] KQR-KQB} 41. Qc8+ $1 {[%mdl 512]} Be8 (41... Bxc8 42. Rxc8+) 42. Rb1 Kf8 43. Qc5+ Kg8 44. Qe7 Qc6 (44... Qa8 {is a better defense.} 45. f5 Qc8) 45. Kh2 {aiming for Rb8.} Qc8 46. Qd6 h6 47. Rb8 Qc1 (47... Qc4 $142 48. Rxe8+ Kh7) 48. Rxe8+ Kh7 49. Qb4 Qe3 50. Rf8 d4 51. Rxf7 {White mates.} Kg6 52. Qe7 Qe2 53. Qxe6+ {Accuracy: White = 74%, Black = 39%.} 1-0

[Event "ROU-chT Women Superliga 2018"]
[Site "Sovata"]
[Date "2018.11.26"]
[Round "2"]
[White "Sgircea, Silvia-Raluca"]
[Black "Bucur, Denisa-Andreea"]
[Result "1-0"]
[WhiteElo "2259"]
[BlackElo "2012"]
[Annotator "NA"]
[PlyCount "111"]
[EventDate "2018.11.24"]
[EventType "team-tourn"]
[EventCountry "ROU"]
[SourceTitle "playchess.com"]
[Source "ChessBase"]
[SourceQuality "1"]
[TimeControl "40/5400+30:1800+30"]

1. c4 {[%emt 0:00:00]} e5 {[%emt 0:00:00]} 2. Nc3 {[%emt 0:00:00]} Nf6 {[%emt 0:00:00]} 3. g3 {[%emt 0:00:34]} c6 {[%emt 0:00:18]} 4. Nf3 {[%emt 0:01:07]} e4 {[%emt 0:00:39]} 5. Nd4 {[%emt 0:00:17]} Qb6 {[%emt 0:02:37]} 6. Nc2 {[%emt 0:05:32] A23: English Opening: 1...e5 2 Nc3 Nf6 3 g3 c6} Bc5 {[%emt 0:11:10]} (6... d5 7. Bg2 dxc4 8. O-O Be6 9. Nxe4 Nxe4 10. Bxe4 Nd7 11. Bg2 h5 12. d4 cxd3 13. Qxd3 O-O-O {1-0 (51) Jobava,B (2713)-Mastrovasilis,D (2580) Minsk 2017 CBM 179 [Moradiabadi,E]}) 7. Ne3 {[%emt 0:04:00]} Bxe3 {[%emt 0:09:28]} (7... O-O $11) 8. dxe3 {[%emt 0:02:38]} O-O {[%emt 0:01:17]} 9. Bg2 {[%emt 0:04:18]} Re8 {[%emt 0:01:15]} 10. O-O {[%emt 0:00:37]} Qc5 $146 {[%emt 0:05:46]} ({Predecessor:} 10... Qb4 11. Qd4 d5 12. cxd5 Qxd4 13. exd4 cxd5 {1-0 (44) Kalinin,A-Popkov,E USSR 1989}) 11. Qb3 {[%emt 0:25:59]} Na6 {[%emt 0:04:22]} 12. Bd2 {[%emt 0:02:34]} Nc7 {[%emt 0:04:52]} 13. Rac1 {[%emt 0:04:03]} Qh5 {[%emt 0:22:23]} 14. Qc2 {[%emt 0:08:07]} Qg6 {[%emt 0:04:36]} 15. Rfd1 {[%emt 0:18:18]} d5 {[%emt 0:04:16]} 16. cxd5 {[%emt 0:00:12]} Ncxd5 {[%emt 0:00:08]} 17. Nxd5 {[%emt 0:00:09]} Nxd5 {[%emt 0:01:06]} 18. b4 {[%emt 0:00:27]} Bf5 {[%emt 0:08:09]} 19. b5 {[%emt 0:03:51]} Rac8 {[%emt 0:09:28]} 20. Qa4 {[%emt 0:02:31]} cxb5 {[%emt 0:02:18]} 21. Qxb5 {[%emt 0:02:44]} Nb6 {[%emt 0:01:08]} 22. Ba5 {[%emt 0:00:32]} Bd7 {[%emt 0:03:37]} 23. Qb4 {[%emt 0:01:03]} Rxc1 {[%emt 0:01:02]} 24. Rxc1 {[%emt 0:00:06]} Bc6 {[%emt 0:00:30]} 25. Bxb6 {[%emt 0:00:59]} axb6 {[%emt 0:00:01]} 26. Qxb6 {[%emt 0:00:11]} Qh5 {[%emt 0:01:16]} 27. Qd4 {[%emt 0:04:18]} h6 {[%emt 0:01:01]} 28. Rc2 {[%emt 0:00:17]} Qa5 {[%emt 0:00:22]} 29. Qd2 {[%emt 0:03:54]} Qb5 {[%emt 0:00:33]} 30. Bh3 {[%emt 0:01:36]} Ra8 {[%emt 0:00:36]} 31. Rb2 {[%emt 0:00:50]} Qe5 {[%emt 0:00:26]} 32. Kg2 {[%emt 0:00:54]} Qe7 {[%emt 0:00:35]} 33. Qc3 {[%emt 0:02:18]} Rd8 {[%emt 0:00:25]} 34. Rd2 {[%emt 0:00:44]} Ra8 {[%emt 0:00:40]} 35. Qb3 {[%emt 0:00:25]} Ra3 {[%emt 0:00:30]} 36. Qd1 {[%emt 0:00:15]} Ra8 {[%emt 0:00:08]} 37. Bd7 {[%emt 0:00:24]} Bxd7 {[%emt 0:00:53]} 38. Rxd7 {[%emt 0:00:02]} Qe6 {[%emt 0:00:27]} 39. Rd8+ {[%emt 0:02:00]} ({Better is} 39. a4) 39... Rxd8 {[%emt 0:00:04]} 40. Qxd8+ {[%emt 0:00:00]} Kh7 {[%emt 0:00:00]} 41. a4 {[%emt 0:01:19]} Qc4 {[%emt 0:06:33]} 42. Qd4 {[%emt 0:00:57]} Qc2 {[%emt 0:01:44]} 43. a5 {[%emt 0:02:38]} Qc6 {[%emt 0:02:10]} 44. g4 {[%emt 0:01:18]} Qe6 {[%emt 0:01:14]} 45. Kg3 {[%emt 0:03:53]} f5 {[%emt 0:05:44]} 46. h3 {[%emt 0:01:04]} fxg4 {[%emt 0:00:35]} 47. hxg4 {[%emt 0:00:02]} h5 {[%emt 0:03:32]} (47... Qe7 {might work better.} 48. Qd5 Qc7+ 49. Kg2 Qe7) 48. f3 {[%emt 0:01:46]} exf3 {[%emt 0:02:04]} 49. exf3 {[%emt 0:00:09]} Qa6 {[%emt 0:05:50]} 50. Qe4+ {[%emt 0:01:39]} Kh6 {[%emt 0:01:01]} 51. Qf4+ {[%emt 0:00:52]} Kh7 {[%emt 0:00:31]} 52. Qf5+ $18 {[%emt 0:00:42]} Kg8 {[%emt 0:01:55]} 53. Qd5+ {[%emt 0:01:48]} Kf8 {[%emt 0:00:48]} 54. gxh5 {[%emt 0:02:39]} Qf1 {[%emt 0:00:47]} 55. Kf4 {[%emt 0:00:43]} Qh3 {[%emt 0:00:27]} 56. Qf5+ {[%emt 0:00:06]} 1-0

[Event "ROU-chT Women Superliga 2018"]
[Site "Sovata"]
[Date "2018.11.26"]
[Round "2"]
[White "Raeva, Elitsa"]
[Black "Javakhishvili, Lela"]
[Result "1/2-1/2"]
[WhiteElo "2252"]
[BlackElo "2477"]
[Annotator "TA"]
[PlyCount "151"]
[EventDate "2018.11.24"]
[EventType "team-tourn"]
[EventCountry "ROU"]
[SourceTitle "playchess.com"]
[Source "ChessBase"]
[SourceQuality "1"]

{[%evp 19,151,-4,0,-12,9,-12,-6,-15,11,-27,-27,-35,-36,-30,-32,-35,-26,-21,-29,-45,-11,-4,-10,-79,-15,-46,-14,-24,-15,-14,-14,-14,-14,-13,-22,-32,-28,-14,-14,-12,-29,-38,-30,-12,-27,-97,-15,-15,-15,-15,-15,-15,-15,-91,-89,-91,-63,-87,-10,-22,-10,-10,-10,-10,-7,-15,-15,-15,-7,-15,-15,-15,-15,-15,-15,-39,-39,-39,-39,-39,-39,-46,-8,-39,-39,-39,-39,-46,-46,-46,-46,-46,-46,-46,0,0,0,0,0,0,0,0,0,0,0,0,0,-2,0,0,0,0,0,0,0,0,0,0,0,0,0,0,0,0,0,0,0,0,0,0,0,0,0,0]} 1. c4 c5 2. Nc3 g6 3. g3 Bg7 4. Bg2 Nc6 5. d3 e6 6. e4 Nge7 7. Nge2 d6 8. Be3 Nd4 9. Rb1 O-O 10. O-O Nec6 11. Qd2 {A36: Symmetrical English vs ...g6: 4 Bg2 Bg7} f5 (11... Rb8 12. Rfd1 a6 13. Bh6 Bxh6 14. Qxh6 b5 15. Nxd4 Nxd4 16. Qd2 b4 17. Ne2 Qf6 18. Nxd4 Qxd4 19. Re1 Bb7 {½-½ (34) Laylo,D (2528)-Paragua,M (2545) Manila 2011}) 12. f4 Rb8 13. Bf2 a6 $146 ({Predecessor:} 13... Bd7 14. h3 a6 15. Nxd4 Nxd4 16. Ne2 Nxe2+ 17. Qxe2 Qc7 18. b3 Kh8 19. Rbd1 b5 {1-0 (44) Jeske,E-Hartwig,B Spremberg 1976}) 14. Nxd4 cxd4 15. Ne2 fxe4 16. dxe4 {[%cal Re2d4]} e5 17. Nc1 Be6 18. b3 Qd7 19. Nd3 Bh3 20. Be1 Rbe8 21. b4 (21. Bxh3 $11 Qxh3 22. Qe2) 21... exf4 ({Better is} 21... Nd8 $17) 22. gxf4 $11 Bh6 23. Qc2 Bxg2 24. Qxg2 Qe6 25. c5 $1 Qxe4 26. Qxe4 Rxe4 27. cxd6 Bxf4 28. Rxf4 Rexf4 29. Nxf4 Rxf4 {[%mdl 4096] Endgame KRB-KRN} 30. b5 $1 {[%cal Rb5c6]} axb5 31. Rxb5 Rf7 32. Ba5 (32. Rd5 $11) 32... Nxa5 (32... Kf8 $17 {Strongly threatening ...Rf5.} 33. Be1 Ke8) 33. Rxa5 $17 {KR-KR} Rd7 34. Rd5 Kf7 35. Rxd4 Ke6 36. Kf2 (36. a4 $1 $11 {keeps the balance.}) 36... Rxd6 37. Rb4 Rd7 38. Ke3 Kf5 (38... Kd6 $17) 39. a4 $11 {[%cal Ba2a4,Ba4a5][%mdl 32]} Kg5 40. Kf3 Kh5 41. Kg3 g5 42. a5 h6 43. Rb3 Rc7 44. Rb6 Rc3+ 45. Kg2 Ra3 46. Rxb7 Rxa5 47. Rb3 Kg4 48. Rg3+ Kf4 49. Rf3+ Ke4 50. Rf2 Ra3 51. h3 h5 52. Rf8 Ra2+ 53. Kg1 h4 54. Rf7 Ra3 55. Kg2 Rg3+ 56. Kh2 Rf3 57. Re7+ {The position is equal.} Kf4 58. Rf7+ Ke3 59. Re7+ Kd4 60. Kg2 Rg3+ 61. Kh2 Re3 62. Rd7+ Ke4 63. Re7+ Kf3 64. Rf7+ Ke2 65. Rf5 Rg3 66. Ra5 Kd1 67. Ra1+ Kd2 68. Ra2+ Ke3 69. Ra3+ Kf4 70. Rxg3 hxg3+ {KPP-KP} 71. Kg2 g4 {[#] ( -> ...gxh3+)} 72. h4 Ke5 73. Kxg3 Kf5 74. h5 Kg5 75. h6 Kxh6 76. Kxg4 {Accuracy: White = 66%, Black = 58%.} 1/2-1/2

[Event "ROU-chT Women Superliga 2018"]
[Site "Sovata"]
[Date "2018.11.26"]
[Round "2"]
[White "Yugina, Maria"]
[Black "Peptan, Corina-Isabela"]
[Result "1/2-1/2"]
[WhiteElo "2129"]
[BlackElo "2378"]
[Annotator "TA"]
[PlyCount "99"]
[EventDate "2018.11.24"]
[EventType "team-tourn"]
[EventCountry "ROU"]
[SourceTitle "playchess.com"]
[Source "ChessBase"]
[SourceQuality "1"]

{[%evp 22,99,19,11,26,7,16,-56,-63,-73,9,-8,-7,-20,-10,-19,-33,-22,-16,-54,-64,-65,-51,-106,-72,-127,-115,-338,-90,-72,-83,-82,-79,-62,-47,-54,-51,-55,-56,-56,-36,-35,-38,-44,-50,-50,-47,-54,-1,-53,-20,-27,-7,0,18,19,20,21,22,19,20,20,28,0,37,8,22,0,0,0,0,0,0,0,0,0,0,0,6,0]} 1. d4 Nf6 2. Nf3 e6 3. e3 b6 4. Bd3 Bb7 5. O-O d5 6. b3 Nbd7 7. Bb2 Be7 {D05: Colle System with ...e6} (7... Bd6 8. c4 O-O 9. Nc3 a6 10. Rc1 Qe7 11. Qc2 c5 12. cxd5 exd5 13. Bf5 g6 14. Bxd7 Nxd7 15. Rcd1 c4 16. Rfe1 Rfe8 17. bxc4 dxc4 18. e4 b5 {½-½ (41) Halkias,S (2585)-Matlakov,M (2694) Tallinn 2016}) 8. c4 dxc4 9. bxc4 c5 10. Qe2 Qc7 $146 ({Predecessor:} 10... O-O 11. Rd1 cxd4 12. exd4 Re8 13. Nbd2 Qc7 14. Rac1 Rac8 {1-0 (72) Fenil,S (2252)-Raghunandan,K (2410) Bhubaneswar 2017}) 11. Nc3 O-O 12. Rfd1 {LiveBook: 4 Games} cxd4 13. Nb5 Qb8 14. Nfxd4 (14. exd4 $11 a6 15. Nc3) 14... Ne5 15. Rac1 Nfg4 ({Black should try} 15... Nxd3 $17 16. Rxd3 a6) 16. f4 {Bb1 is the strong threat.} Nxd3 17. Rxd3 Nf6 18. Nf3 Be4 $36 {[%mdl 2048] White is under pressure.} 19. Rd2 Qb7 20. Ng5 Bg6 21. Nd6 Qc6 22. Ba3 (22. Qf3 $15 Qxf3 23. Nxf3) 22... Qa4 23. Bb2 ({White should play} 23. Rc3) 23... Rfd8 24. Bxf6 $2 (24. Be5 $17 {keeps fighting.}) 24... Bxf6 $2 (24... gxf6 $19 {is more deadly.} 25. Ngxf7 Bxf7 26. Qg4+ Kf8 27. Nxf7 Kxf7 28. Qh5+ Kg8) 25. Nge4 $17 Be7 {Strongly threatening ...f5.} 26. Rcd1 Qc6 27. Qf3 Kf8 28. Rd4 Bxe4 29. Nxe4 Rxd4 30. Rxd4 Rc8 31. Qd1 h6 32. Kf2 Kg8 33. Qd3 Rc7 34. Kf1 {[#]} Qb7 (34... b5 $1 $15 {[%mdl 512]} 35. Nd2 (35. cxb5 Qc1+) 35... a6) 35. Kf2 (35. Nd6 $11 Qc6 36. Nb5) 35... Qc8 36. Nd6 Qa6 37. a3 Rd7 38. Nf5 $1 {[%cal Rf5e7]} Rxd4 39. Nxe7+ $11 {[%mdl 4096] Endgame KQR-KQN} Kf8 {[#]} 40. Ng6+ $1 {[%mdl 512]} fxg6 41. exd4 {KQ-KQ} Qa4 42. Qc3 Kf7 43. Kg3 Qc6 {The position is equal.} 44. h3 Qc7 45. Kf3 Qc6+ 46. Kg3 Qc7 47. Kf3 Qc6+ 48. Kg3 Qc7 49. Kf3 Qc6+ 50. Kg3 {Precision: White = 43%, Black = 63%.} 1/2-1/2

[Event "ROU-chT Women Superliga 2018"]
[Site "Sovata"]
[Date "2018.11.26"]
[Round "2"]
[White "Visanescu, Daria-Ioana"]
[Black "L'Ami, Alina"]
[Result "1/2-1/2"]
[WhiteElo "2096"]
[BlackElo "2285"]
[Annotator "TA"]
[PlyCount "159"]
[EventDate "2018.11.24"]
[EventType "team-tourn"]
[EventCountry "ROU"]
[SourceTitle "playchess.com"]
[Source "ChessBase"]
[SourceQuality "1"]

{[%evp 24,159,12,0,16,18,9,8,63,19,21,2,42,35,58,23,39,40,32,0,0,0,0,0,0,0,16,17,11,11,18,14,44,37,21,0,0,3,4,0,0,0,0,0,0,-33,-16,-22,-16,-33,-33,-33,-37,-17,-18,-134,0,0,0,0,0,0,0,0,0,0,0,0,0,0,0,0,0,-11,-4,-6,-6,-6,-6,-12,0,0,0,0,0,-43,-43,-50,-50,-78,-63,-202,-8,-8,0,0,0,0,0,-116,0,0,0,0,0,0,-8,-18,0,0,0,-8,0,0,0,0,0,0,0,0,0,-8,0,0,0,0,0,0,0,0,0,0,0,0,0,0,0,0]} 1. e4 {[%cal Be2e4,Be4e5][%mdl 32]} c5 2. c3 Nf6 3. e5 Nd5 4. d4 cxd4 5. Nf3 Nc6 6. cxd4 d6 {[%cal Bd7d6,Bd6e5][%mdl 32]} 7. Bc4 dxe5 8. Bxd5 Qxd5 9. Nc3 Qd6 {B22: Sicilian: 2 c3} 10. d5 Nd4 (10... Nd8 11. O-O f6 12. Be3 Qd7 13. Qb3 Nf7 14. Rac1 Nd6 15. Bc5 Kf7 16. Bxd6 Qxd6 17. Nb5 {1-0 (27) Rozentalis,E (2567)-Volokitin,A (2677) Austria 2016}) 11. Nxd4 exd4 12. Qxd4 e5 13. Qd3 {LiveBook: 34 Games} Qa6 14. Qxa6 $146 ({Predecessor:} 14. Qg3 f6 15. f4 e4 16. Be3 Bf5 17. Kf2 {0-1 (40) Vlassov,N (2449)-Nevostrujev,V (2475) Kemerovo 2011}) 14... bxa6 15. O-O Bc5 ({Black should play} 15... Rb8 $11) 16. Re1 f6 17. Ne4 Bd4 (17... Bb6 {with more complications.} 18. Be3 O-O 19. Nc5 Rd8 20. Red1 Rd6) 18. Be3 {Hoping for Bxd4.} Bxe3 19. Rxe3 Rb8 20. b3 O-O 21. d6 Rd8 22. Rd1 Rb6 23. Rc3 {[#] Strongly threatening d7!} Bf5 24. d7 Rxd7 {[%cal Rd7d1]} 25. Rc8+ Kf7 {[%cal Rd7d1]} 26. Rxd7+ Bxd7 $11 {[%mdl 4096] Endgame KRB-KRN} 27. Rc7 Ke8 28. Rxa7 Rc6 {[%cal Rc6c1]} 29. h3 (29. h4 {seems wilder.} Bf5 30. f3 Kf8 31. h5 Rc1+ 32. Kh2) 29... Bf5 30. f3 Kf8 31. Kh2 h5 32. h4 Kg8 33. Ra8+ Kh7 34. Ra7 Kh6 35. Ra8 Kg6 36. Ng3 Bb1 37. a3 Bd3 38. Ne4 Rc2 {White must now prevent ...Bf1.} 39. Rd8 (39. Kg1 $1 $11) 39... Bf1 (39... Bxe4 $1 $17 40. fxe4 Re2) 40. Rd2 Rc1 41. a4 a5 42. Ng3 Ba6 43. Rd5 Rb1 44. Rxa5 Bd3 45. Rd5 Rxb3 46. a5 Ra3 47. Rd8 Ba6 48. Rh8 Rxa5 49. Rxh5 Bd3 {Threatening ...Ra8.} 50. Rh8 Ra4 51. Kh3 f5 52. Rd8 Rd4 53. Re8 Rd5 54. Rf8 f4 55. h5+ Kg5 56. Ne4+ Kxh5 57. Rf5+ (57. Nf2 $15) 57... Kg6 $2 (57... Kh6 $19 {Threatens to win with ...g6.} 58. g4 Bxe4 59. Rh5+ Kg6 60. fxe4 Rd3+ 61. Kh4 Rd1 62. Rg5+ Kf6 63. Rf5+ Ke6) 58. Kg4 Bc2 59. Rg5+ Kf7 60. Kf5 Ba4 {[%cal Ra4d7]} 61. Nc3 {[#]} (61. Rg6 $1 $11) 61... Bc2+ (61... Bd7+ $1 $17 62. Ke4 Rc5) 62. Ne4 {The position is equal.} Ra5 (62... Bd3 {feels hotter.} 63. Rg6 Rd7 64. Re6 Bxe4+ 65. fxe4 Rd2) 63. Rg4 Ba4 {And now ...Bd7+ would win.} 64. Ng5+ Ke7 65. Kg6 Bd7 66. Rh4 Ra2 67. Rh2 Ra6+ 68. Kxg7 Bf5 {( -> ...Rg6+)} 69. Rh6 Rxh6 70. Kxh6 {KB-KN} Bd3 71. Ne4 Bf1 72. g3 fxg3 73. Nxg3 Bg2 74. Nf5+ Kf6 75. Nh4 Bf1 76. Kh5 Be2 77. Kg4 e4 78. Kf4 exf3 79. Nxf3 Bxf3 80. Kxf3 {Precision: White = 62%, Black = 68%.} 1/2-1/2

[Event "ROU-chT Women Superliga 2018"]
[Site "Sovata"]
[Date "2018.11.26"]
[Round "2"]
[White "Lehaci, Miruna-Daria"]
[Black "Stanciu, Andreea-Briana"]
[Result "0-1"]
[WhiteElo "2067"]
[BlackElo "1953"]
[Annotator "NA"]
[PlyCount "140"]
[EventDate "2018.11.24"]
[EventType "team-tourn"]
[EventCountry "ROU"]
[SourceTitle "playchess.com"]
[Source "ChessBase"]
[SourceQuality "1"]
[TimeControl "40/5400+30:1800+30"]

1. e4 {[%emt 0:00:00]} e5 {[%emt 0:00:00]} 2. Nf3 {[%emt 0:00:00]} Nc6 {[%emt 0:00:00]} 3. Bb5 {[%emt 0:00:00]} a6 {[%emt 0:00:00]} 4. Ba4 {[%emt 0:00:00]} Nf6 {[%emt 0:00:00]} 5. d3 {[%emt 0:00:00] LiveBook: 3557 Games} d6 {[%emt 0:00:24]} 6. c4 {[%emt 0:00:00]} g6 {[%emt 0:01:49]} 7. Nc3 {[%emt 0:00:01]} Bg7 {[%emt 0:00:04]} 8. h3 {[%emt 0:00:03]} O-O {[%emt 0:00:47]} 9. O-O {[%emt 0:00:05]} h6 {[%emt 0:00:58] C77: Ruy Lopez: 3...a6 4 Ba4 Nf6, unusual lines} 10. Be3 {[%emt 0:02:07]} Bd7 {[%emt 0:04:52]} 11. Nd5 {[%emt 0:05:55]} Nxd5 $146 {[%emt 0:06:40]} ({Predecessor:} 11... Nh5 12. Nh2 {½-½ (12) Apicella,M (2553)-Kosten,A (2522) Chartres 2005}) 12. cxd5 {[%emt 0:00:26]} Ne7 {[%emt 0:00:12]} 13. Bxd7 {[%emt 0:00:18]} Qxd7 {[%emt 0:00:06]} 14. d4 {[%emt 0:18:15]} f5 {[%emt 0:03:19]} 15. dxe5 {[%emt 0:13:43]} dxe5 {[%emt 0:01:52]} 16. Bc5 {[%emt 0:01:23]} Kh7 {[%emt 0:15:05]} 17. d6 {[%emt 0:13:31]} cxd6 {[%emt 0:02:33]} 18. Qxd6 {[%emt 0:00:12]} Qxd6 {[%emt 0:00:37]} 19. Bxd6 {[%emt 0:00:04]} Rfe8 {[%emt 0:05:18]} 20. Rfe1 {[%emt 0:07:01]} Nc6 {[%emt 0:01:28]} 21. Rac1 {[%emt 0:12:28]} Rad8 {[%emt 0:02:32]} 22. Bc5 {[%emt 0:00:18]} Rd7 {[%emt 0:01:25]} 23. a4 {[%emt 0:04:21]} a5 {[%emt 0:06:28]} 24. Bb6 {[%emt 0:01:45]} Bf6 {[%emt 0:00:23]} 25. Red1 {[%emt 0:03:02]} Ree7 {[%emt 0:01:39]} 26. Rxd7 {[%emt 0:07:21]} Rxd7 {[%emt 0:01:52]} 27. Re1 {[%emt 0:00:03]} Kg7 {[%emt 0:12:14]} 28. Kf1 {[%emt 0:00:47]} Kf7 {[%emt 0:02:04]} 29. Re3 {[%emt 0:06:31]} Ke6 {[%emt 0:02:55]} 30. Ne1 {[%emt 0:01:04]} Bg5 {[%emt 0:01:11]} 31. Rg3 {[%emt 0:03:21]} fxe4 {[%emt 0:15:07]} 32. Bc5 {[%emt 0:01:11]} Kf5 {[%emt 0:01:49]} 33. Rb3 {[%emt 0:00:13]} h5 {[%emt 0:01:53]} 34. g3 {[%emt 0:00:08]} Ke6 {[%emt 0:03:18]} 35. h4 {[%emt 0:00:35]} Bd8 {[%emt 0:01:17]} 36. Nc2 {[%emt 0:00:52]} b6 {[%emt 0:00:36]} 37. Be3 {[%emt 0:00:08]} Rd3 {[%emt 0:01:50]} 38. Rc3 {[%emt 0:00:44]} Kd5 {[%emt 0:00:16]} 39. Ke2 {[%emt 0:00:05]} Rxc3 {[%emt 0:01:01]} 40. bxc3 {[%emt 0:00:00]} Kc4 {[%emt 0:00:00]} 41. Kd2 {[%emt 0:06:58]} Kb3 {[%emt 0:02:14]} 42. Na1+ {[%emt 0:00:18]} Kxa4 {[%emt 0:00:37]} 43. Kc2 {[%emt 0:00:07]} Kb5 {[%emt 0:00:10]} 44. Nb3 {[%emt 0:00:27]} Kc4 {[%emt 0:02:25]} 45. Nd2+ {[%emt 0:00:55] [#]} Kd5 $1 {[%emt 0:00:04]} 46. c4+ {[%emt 0:00:52]} Ke6 {[%emt 0:00:06]} 47. Nxe4 {[%emt 0:01:09]} Bc7 {[%emt 0:07:19]} 48. Nc3 {[%emt 0:03:46]} Nb4+ {[%emt 0:04:29]} 49. Kb3 {[%emt 0:01:40]} Kd7 {[%emt 0:03:01]} 50. Ne4 {[%emt 0:05:41]} Bd8 {[%emt 0:02:02]} 51. f3 {[%emt 0:05:24]} Nc6 {[%emt 0:03:51]} 52. Kc3 {[%emt 0:03:00]} Kc7 {[%emt 0:02:46]} 53. Kd3 {[%emt 0:03:12]} Nb4+ {[%emt 0:00:27]} 54. Kc3 {[%emt 0:00:06]} Be7 {[%emt 0:00:30]} 55. Ng5 {[%emt 0:00:35]} Nc6 {[%emt 0:03:51]} 56. g4 $2 {[%emt 0:01:49] [#]} (56. f4) 56... Nd4 $1 {[%emt 0:01:29]} 57. gxh5 {[%emt 0:00:05]} gxh5 {[%emt 0:01:41]} 58. Kd3 {[%emt 0:01:54]} Nf5 {[%emt 0:01:52]} 59. Bf2 {[%emt 0:00:14]} Bxg5 {[%emt 0:02:44]} 60. hxg5 {[%emt 0:00:04]} h4 {[%emt 0:00:03]} 61. Ke4 {[%emt 0:00:41] [#]} h3 $1 {[%emt 0:00:10]} 62. Bg1 {[%emt 0:00:08]} Nh4 {[%emt 0:02:34]} 63. Bh2 {[%emt 0:00:15]} Kd6 {[%emt 0:00:30]} 64. Bxe5+ {[%emt 0:00:24]} Ke6 {[%emt 0:00:05]} 65. Bh2 {[%emt 0:01:01]} a4 {[%emt 0:00:08]} 66. g6 {[%emt 0:02:49]} a3 {[%emt 0:00:37]} 67. g7 {[%emt 0:00:23]} Kf7 {[%emt 0:00:05]} 68. Kf4 {[%emt 0:01:26]} a2 {[%emt 0:00:29]} 69. Kg4 {[%emt 0:00:02]} Ng6 {[%emt 0:00:16]} 70. Kg5 {[%emt 0:00:31]} Kxg7 {[%emt 0:00:11] Kh4 [%clk 0:01:20]} 0-1

[Event "ROU-chT Women Superliga 2018"]
[Site "Sovata"]
[Date "2018.11.26"]
[Round "2"]
[White "Marin, Irina-Luiza"]
[Black "Rendi, Eva"]
[Result "1/2-1/2"]
[WhiteElo "2032"]
[BlackElo "2015"]
[Annotator "NA"]
[PlyCount "88"]
[EventDate "2018.11.24"]
[EventType "team-tourn"]
[EventCountry "ROU"]
[SourceTitle "playchess.com"]
[Source "ChessBase"]
[SourceQuality "1"]
[TimeControl "40/5400+30:1800+30"]

1. c4 {[%emt 0:00:00]} e6 {[%emt 0:00:00]} 2. Nf3 {[%emt 0:00:26]} d5 {[%emt 0:01:01]} 3. b3 {[%emt 0:00:25]} Nf6 {[%emt 0:01:17]} 4. g3 {[%emt 0:00:18]} Be7 {[%emt 0:00:34]} 5. Bg2 {[%emt 0:00:12]} O-O {[%emt 0:00:40]} 6. O-O {[%emt 0:00:18]} c5 {[%emt 0:00:44]} 7. Bb2 {[%emt 0:00:43]} Nc6 {[%emt 0:02:53]} 8. e3 {[%emt 0:00:35]} d4 {[%emt 0:02:03]} 9. exd4 {[%emt 0:01:44]} cxd4 {[%emt 0:01:56]} 10. Re1 {[%emt 0:00:45]} Re8 {[%emt 0:02:41]} 11. Ne5 {[%emt 0:06:08]} Nxe5 {[%emt 0:05:38]} 12. Rxe5 {[%emt 0:00:08]} Nd7 {[%emt 0:02:54]} 13. Re1 {[%emt 0:00:42]} Nc5 $11 {[%emt 0:08:46]} ({Black should play} 13... e5 $15) 14. d3 {[%emt 0:02:40]} a5 {[%emt 0:04:22]} 15. Qf3 {[%emt 0:28:58]} Bf6 {[%emt 0:05:45]} 16. Nd2 {[%emt 0:01:33]} Bd7 {[%emt 0:04:28]} 17. Ne4 {[%emt 0:05:40]} Nxe4 {[%emt 0:01:11]} 18. Qxe4 {[%emt 0:03:30]} Bc6 {[%emt 0:00:51]} 19. Qe2 {[%emt 0:03:55]} Qb6 {[%emt 0:08:08]} 20. Rab1 {[%emt 0:02:27]} e5 {[%emt 0:06:22]} 21. h4 {[%emt 0:04:00]} Bxg2 {[%emt 0:02:57]} 22. Kxg2 {[%emt 0:00:09]} Re6 {[%emt 0:08:34]} 23. Qe4 {[%emt 0:07:51]} Rae8 {[%emt 0:12:08]} 24. Ba3 {[%emt 0:05:59]} Be7 {[%emt 0:02:29]} 25. Bxe7 {[%emt 0:00:49]} R6xe7 {[%emt 0:02:42]} 26. a3 {[%emt 0:00:15]} Qe6 {[%emt 0:02:30]} 27. g4 {[%emt 0:03:20]} g6 {[%emt 0:02:00]} 28. g5 {[%emt 0:02:45]} f5 {[%emt 0:01:27]} 29. gxf6 {[%emt 0:04:23]} Qxf6 {[%emt 0:00:06]} 30. b4 {[%emt 0:00:10]} a4 {[%emt 0:01:58]} 31. b5 {[%emt 0:02:19]} g5 {[%emt 0:00:50]} 32. Qg4 {[%emt 0:02:47]} Rg7 {[%emt 0:01:16]} 33. h5 {[%emt 0:00:09]} Qd6 {[%emt 0:01:26]} 34. Rb4 {[%emt 0:01:57]} Rf8 {[%emt 0:01:15]} 35. Rxa4 {[%emt 0:01:15]} Rgf7 {[%emt 0:00:27]} 36. Re2 {[%emt 0:00:33]} Qh6 {[%emt 0:00:32]} 37. Ra7 {[%emt 0:04:36]} Rf4 {[%emt 0:01:08]} 38. Qh3 {[%emt 0:00:09]} Qf6 {[%emt 0:01:06]} 39. Qg3 {[%emt 0:03:52]} Rf3 {[%emt 0:00:10]} 40. Qxe5 {[%emt 0:00:00]} Rxf2+ {[%emt 0:00:00]} 41. Kg1 {[%emt 0:01:21]} Rf1+ {[%emt 0:07:05]} 42. Kh2 {[%emt 0:00:15]} Rf2+ {[%emt 0:03:58]} 43. Kg1 {[%emt 0:00:20]} Rf1+ {[%emt 0:00:29]} 44. Kh2 {[%emt 0:00:10]} Rf2+ {[%emt 0:00:07]} 1/2-1/2